000
00234 a2200097 4500
001
40000
100
_a
Coddington E A
245
_a
Theory of Differential Equation
260
_a
New Dehli
_b
Tata McGraw Hill
_c
090
_c
24988
_d
24988
942
_a
NUST-CAE
_c
M
_c
16655
999
_c
275073
_d
275073